00334pab a2200121 454500008004000000100001600040245006700056260000900123300001300132362001100145650002200156773003400178180718b2011 xxu||||| |||| 00| 0 eng d aKumar, K.G. aTemple treasures, claimant pressures: Heritage and the commons c2011 ap.10-11. a16 Jul aCultural heritage aEconomic and Political Weekly